[Event "GCT 2023 Saint Louis - Rapid"]
[Site "Saint Louis"]
[Date "14.11.2023"]
[Round "1R"]
[White "Robson, Ray"]
[Black "Xiong, Jeffery"]
[Result "1/2-1/2"]
[WhiteElo "2696"]
[BlackElo "2681"]
[EventDate "2023.11.14"]

1. e4 e5 2. Nf3 Nf6 3. Nxe5 d6 4. Nf3 Nxe4 5. d4 d5 6. Bd3 Be7 7. O-O Bf5
8. Re1 O-O 9. Nbd2 Nd6 10. Nf1 Bg6 11. Bf4 Nd7 12. Ng3 Re8 13. Ne5 Bxd3 14.
Qxd3 Nf8 15. Re2 Ne6 16. Bd2 Bg5 17. Rae1 c6 18. c3 Bxd2 19. Qxd2 Qg5 20.
Re3 Nf4 21. Nd3 Ne6 22. Qd1 Nc4 23. R3e2 Nc7 24. Ne5 Nd6 25. Re3 Re6 26. f4
Qxf4 27. Nh5 Qh6 28. Ng4 Qg5 29. Rg3 Qh4 30. Ne5 g6 31. Rf1 Qe7 32. Nf4 Rf6
33. Ng4 Rf5 34. Nh6+ Kh8 35. Nxf5 Nxf5 36. Rgf3 Re8 37. Qd2 Nd6 38. Nd3 f6
39. Qf4 Ne4 40. Re3 Ne6 41. Qh4 Ng7 42. Re2 Nf5 43. Qf4 Kg7 44. Nf2 Nfd6
45. Ng4 Nf5 46. Nf2 Nfd6 47. Ng4 Nf5 48. Rfe1 Qd6 49. Qxd6 Nfxd6 50. Nf2 f5
51. Nd3 Kf6 52. Rf1 h5 53. h4 Re7 54. Nf4 Nf7 55. Rfe1 Nh6 56. g3 Ng4 57.
Kg2 Rh7 58. Rh1 Rh8 59. Kf3 Rd8 60. Nh3 Nh6 61. Nf4 Nf7 62. Rd1 Nfd6 63.
Nd3 Rg8 64. Nf4 Nc4 65. Nh3 a5 66. Kf4 a4 67. a3 Ra8 68. Ng5 Ra5 69. Rg1
Rb5 70. Rgg2 Rb3 71. Nf3 Rb5 72. Ne1 Ra5 73. Nd3 Ra8 74. Ne1 Rg8 75. Nd3
Ra8 76. Nc5 b5 77. Nd3 Re8 78. Re1 Rg8 79. Nb4 Rc8 80. Rge2 Ncd6 81. Kf3
Nc4 82. Kf4 Ncd6 83. Nd3 Nc4 84. Nc5 Rg8 85. Rh1 Rd8 86. Nd3 Rg8 87. Kf3
Ncd2+ 88. Kg2 Nc4 89. Nf4 Re8 90. Rh3 Rh8 91. Kf1 Ncd2+ 92. Kg2 Nc4 93. Rh1
Re8 94. Rf1 Rg8 95. Rh1 Re8 96. Nd3 Rg8 97. Nf4 Re8 1/2-1/2

[Event "GCT 2023 Saint Louis - Rapid"]
[Site "Saint Louis"]
[Date "14.11.2023"]
[Round "1R"]
[White "Le, Quang Liem"]
[Black "So, Wesley"]
[Result "1-0"]
[WhiteElo "2731"]
[BlackElo "2752"]
[EventDate "2023.11.14"]

1. d4 Nf6 2. c4 e6 3. Nf3 d5 4. Nc3 Bb4 5. Qa4+ Nc6 6. e3 O-O 7. Qc2 Re8 8.
Bd2 a6 9. a3 Bd6 10. Rd1 h6 11. h3 Bd7 12. Be2 dxc4 13. Bxc4 b5 14. Bd3 e5
15. O-O Qe7 16. d5 Nd8 17. e4 c6 18. Rfe1 Nb7 19. dxc6 Bxc6 20. Nh4 Bd7 21.
Qc1 Rac8 22. Bc2 Bc5 23. Nf3 a5 24. Qb1 b4 25. axb4 Bxb4 26. Nd5 Nxd5 27.
exd5 Qf6 28. Bxb4 axb4 29. Nd2 Qb6 30. Nf3 Qf6 31. Nd2 Nd6 32. Ne4 Qg6 33.
Nc5 Bf5 34. Bxf5 Nxf5 35. Nd7 Qg5 36. Qe4 Nh4 37. g3 Ng6 38. d6 Qd8 39. Qf5
e4 40. Nf6+ Qxf6 41. Qxf6 gxf6 42. d7 Ne5 43. dxc8=Q 1-0

[Event "GCT 2023 Saint Louis - Rapid"]
[Site "Saint Louis"]
[Date "14.11.2023"]
[Round "1R"]
[White "Sevian, Samuel"]
[Black "Nepomniachtchi, Ian"]
[Result "1-0"]
[WhiteElo "2696"]
[BlackElo "2771"]
[EventDate "2023.11.14"]

1. c4 Nf6 2. Nc3 e5 3. g3 Bb4 4. Bg2 O-O 5. e4 Bxc3 6. bxc3 c6 7. Nf3 d5 8.
cxd5 cxd5 9. exd5 Nxd5 10. O-O Nc6 11. Re1 e4 12. Nd4 Nxd4 13. cxd4 Bf5 14.
d3 exd3 15. Qf3 Qa5 16. Bg5 Be6 17. Qxd3 h6 18. Bxh6 gxh6 19. Rxe6 Nb4 20.
Rg6+ fxg6 21. Qxg6+ Kh8 22. Qxh6+ Kg8 23. Qg6+ Kh8 24. Be4 Qc7 25. a3 Nc6
26. Qh6+ Kg8 27. Bd5+ Rf7 28. Re1 Ne7 29. Bxf7+ Kxf7 30. Qe6+ 1-0

[Event "GCT 2023 Saint Louis - Rapid"]
[Site "Saint Louis"]
[Date "14.11.2023"]
[Round "1R"]
[White "Giri, Anish"]
[Black "Vachier Lagrave, Maxime"]
[Result "1/2-1/2"]
[WhiteElo "2752"]
[BlackElo "2734"]
[EventDate "2023.11.14"]

1. d4 Nf6 2. c4 g6 3. Nc3 d5 4. cxd5 Nxd5 5. e4 Nxc3 6. bxc3 Bg7 7. Nf3 c5
8. h3 O-O 9. Be2 cxd4 10. cxd4 Nc6 11. Be3 Qa5+ 12. Bd2 Qa3 13. d5 Ne5 14.
O-O Bd7 15. Rb1 Ba4 16. Qe1 Nd3 17. Bxd3 Qxd3 18. Bg5 Rfe8 19. Qa5 b5 20.
Rbc1 h6 21. Rfe1 Rac8 22. Rxc8 Rxc8 23. Bxe7 Bd1 24. Qd2 Qxd2 25. Nxd2 Ba4
26. e5 Rc2 27. Bb4 a5 28. Bxa5 Rxa2 29. e6 fxe6 30. dxe6 Ra1 31. Rxa1 Bxa1
32. Ne4 Bb3 33. e7 Kf7 34. Bb4 Bd5 35. Nd6+ Kxe7 36. Nxb5+ Kd7 37. Na3 Bb2
38. Nc2 Be4 39. Ne1 Bd4 40. Bd2 h5 41. Kf1 Ke6 42. g4 hxg4 43. hxg4 Bc6 44.
f3 Bb5+ 45. Kg2 Bf6 46. Kg3 Be5+ 47. Bf4 Bc3 48. Ng2 Bf1 49. Ne3 Be1+ 50.
Kh2 Be2 51. Nc2 Bc3 52. Kg2 Bd3 53. Ne3 Bd2 54. Nd5 Kxd5 55. Bxd2 Ke6 56.
f4 Be4+ 57. Kg3 Bd3 58. f5+ gxf5 59. gxf5+ Bxf5 1/2-1/2

[Event "GCT 2023 Saint Louis - Rapid"]
[Site "Saint Louis"]
[Date "14.11.2023"]
[Round "1R"]
[White "Caruana, Fabiano"]
[Black "Firouzja, Alireza"]
[Result "0-1"]
[WhiteElo "2795"]
[BlackElo "2777"]
[EventDate "2023.11.14"]

1. e4 e5 2. Nf3 Nc6 3. Bb5 Nf6 4. d3 Bc5 5. Bxc6 dxc6 6. h3 Qe7 7. Nc3 Bd7
8. Qe2 O-O-O 9. Be3 Bd6 10. a3 Kb8 11. Nd2 Be6 12. b4 g6 13. Rb1 Nh5 14.
O-O f6 15. Rfd1 Qf7 16. f3 Nf4 17. Qf2 b6 18. a4 g5 19. a5 h5 20. Bxf4 exf4
21. d4 g4 22. h4 Rhg8 23. axb6 axb6 24. Qf1 gxf3 25. Nxf3 Bc4 26. Qe1 Rg3
27. Rd2 Rdg8 28. Kh1 Qd7 29. Kh2 Rxf3 30. gxf3 Rg3 31. Kh1 Rxf3 32. Rh2
Rf1+ 33. Qxf1 Bxf1 34. Rxf1 f3 35. e5 fxe5 36. Ne4 exd4 37. Nxd6 Qxd6 38.
Rxf3 Qxb4 39. Rhf2 Qe1+ 40. Kg2 Qe4 41. Kf1 Qxh4 42. Ke2 c5 43. Kd3 Kb7 44.
Rf1 Qg4 45. Rf7 h4 46. R1f4 Qg6+ 47. Kd2 h3 0-1

[Event "GCT 2023 Saint Louis - Rapid"]
[Site "Saint Louis"]
[Date "14.11.2023"]
[Round "2R"]
[White "So, Wesley"]
[Black "Sevian, Samuel"]
[Result "1/2-1/2"]
[WhiteElo "2752"]
[BlackElo "2696"]
[EventDate "2023.11.14"]

1. e4 e5 2. Nf3 Nc6 3. Bb5 a6 4. Ba4 Nf6 5. d3 Bc5 6. Bg5 h6 7. Bh4 d6 8.
d4 exd4 9. Nxd4 Bd7 10. Bxc6 bxc6 11. Nc3 Rb8 12. Nb3 Bb4 13. Qd3 Qe7 14.
O-O-O O-O 15. Rhe1 Qe5 16. Bg3 Qh5 17. a3 Bxc3 18. Qxc3 Rfe8 19. f3 Qg5+
20. Qd2 Qb5 21. Qa5 Be6 22. Qxb5 cxb5 23. Nd4 Nd7 24. Re3 Rb7 25. Rc3 a5
26. Nc6 b4 27. Re3 Ra8 28. e5 dxe5 29. Bxe5 bxa3 30. Rxa3 a4 31. Bc3 Rb6
32. Nd4 Nc5 33. Re1 Bd7 34. Re5 Nb7 35. Rd5 Rd6 36. Nf5 Rxd5 37. Ne7+ Kh7
38. Nxd5 Re8 39. Bd2 c5 40. Re3 Rxe3 41. Bxe3 Kg6 42. Kd2 Kf5 43. Nf4 Ke5
44. Kc3 Bb5 45. Nh5 g6 46. Ng3 h5 47. Ne4 Bf1 48. g3 Bg2 49. Nd2 Kd5 50.
Kd3 Nd6 51. Bf4 Nf5 52. c4+ Kc6 53. Be5 Ne7 54. Bf6 Nc8 55. Be5 Nb6 56. h4
Nd7 57. Bc3 Bh3 58. Ke3 Be6 59. Kd3 Bf5+ 60. Ke3 Be6 61. Kd3 Bf5+ 62. Ke3
1/2-1/2

[Event "GCT 2023 Saint Louis - Rapid"]
[Site "Saint Louis"]
[Date "14.11.2023"]
[Round "2R"]
[White "Nepomniachtchi, Ian"]
[Black "Giri, Anish"]
[Result "1/2-1/2"]
[WhiteElo "2771"]
[BlackElo "2752"]
[EventDate "2023.11.14"]

1. e4 e5 2. Nf3 Nc6 3. Bc4 Nf6 4. d3 Bc5 5. a4 d6 6. a5 Bb4+ 7. Bd2 Bxd2+
8. Nbxd2 O-O 9. O-O Bd7 10. c3 b6 11. b4 Ne7 12. Re1 Ng6 13. d4 c5 14. Bf1
Qc7 15. Qb3 b5 16. dxc5 dxc5 17. c4 Rab8 18. Rec1 Be6 19. Ng5 bxc4 20. Nxc4
Rxb4 21. Nxe6 fxe6 22. Qc2 h6 23. f3 Rfb8 24. a6 Kh7 25. Na5 Rc8 26. Qc3
Qb6 27. Nc4 Qc7 28. Ra2 Rcb8 29. Rac2 Rb1 30. Qa5 Qe7 31. Rxb1 Rxb1 32. Na3
Rb3 33. Nb5 Ne8 34. Qd2 c4 35. Nc3 Nd6 36. Na4 Qc7 37. Qf2 Qa5 38. Nc5 Rb1
39. g3 Nf8 40. Kg2 Rb5 41. Nb7 Nxb7 42. axb7 Rxb7 43. Bxc4 Rc7 44. Ra2 Qb4
45. Bf1 a5 46. Rb2 Qc3 47. Ra2 Nd7 48. Qe2 Nc5 49. Rc2 Qb4 50. Qb5 Qxb5 51.
Bxb5 g5 52. Kf1 Kg7 53. Ke2 Kf6 54. Ke3 Ke7 55. h4 Na6 56. Ra2 Rc3+ 57. Kf2
Nc7 58. Rxa5 gxh4 59. gxh4 Nxb5 60. Rxb5 Kf6 61. Rb8 Kg7 62. Kg3 h5 63. Re8
Rc6 64. Kf2 Ra6 65. Ke2 Ra2+ 66. Ke3 Ra3+ 67. Kf2 Ra2+ 68. Kg3 Ra6 69. Rb8
Rc6 70. Rb3 Kf6 71. Ra3 Rb6 72. Ra7 Kg6 73. Ra8 Kg7 74. Ra7+ Kg6 75. Ra8
Kg7 76. Ra7+ Kg6 1/2-1/2

[Event "GCT 2023 Saint Louis - Rapid"]
[Site "Saint Louis"]
[Date "14.11.2023"]
[Round "2R"]
[White "Xiong, Jeffery"]
[Black "Firouzja, Alireza"]
[Result "1/2-1/2"]
[WhiteElo "2681"]
[BlackElo "2777"]
[EventDate "2023.11.14"]

1. d4 Nf6 2. c4 e6 3. Nf3 d5 4. Nc3 Bb4 5. Qa4+ Nc6 6. e3 O-O 7. Bd2 Re8 8.
a3 Bf8 9. Rd1 a6 10. Bc1 h6 11. Be2 dxc4 12. Qxc4 b5 13. Qxc6 Bd7 14. Qb7
Rb8 15. Qxa6 Ra8 16. Qb7 Rb8 17. Qa6 Ra8 18. Qb7 Rb8 19. Qa6 Ra8 1/2-1/2

[Event "GCT 2023 Saint Louis - Rapid"]
[Site "Saint Louis"]
[Date "14.11.2023"]
[Round "2R"]
[White "Robson, Ray"]
[Black "Le, Quang Liem"]
[Result "1/2-1/2"]
[WhiteElo "2696"]
[BlackElo "2731"]
[EventDate "2023.11.14"]

1. e4 e5 2. Nf3 Nc6 3. Bc4 Nf6 4. d3 Bc5 5. c3 d6 6. O-O O-O 7. Re1 Bb6 8.
h3 Ne7 9. d4 Ng6 10. Bd3 c6 11. Be3 d5 12. dxe5 dxe4 13. exf6 exf3 14. fxg7
Re8 15. Bxg6 Qxd1 16. Rxd1 hxg6 17. g4 Kxg7 18. Bxb6 axb6 19. Kh2 Re2 20.
Nd2 Be6 21. Kg3 Rd8 22. Nxf3 Rxd1 23. Rxd1 Rxb2 24. a4 Rb3 25. Rd3 Ra3 26.
Nd4 Bc4 27. Re3 Rxa4 28. Re7 c5 29. Nc2 Bd5 30. Ne3 Bc6 31. c4 Ra5 32. h4
b5 33. cxb5 Rxb5 34. h5 gxh5 35. gxh5 Rb1 36. Kf4 Kf6 37. Rc7 c4 38. h6 c3
39. h7 Rh1 40. Nc2 Rxh7 41. Ke3 Rh3+ 42. Kd4 Rf3 43. Rc8 Rxf2 44. Kxc3 Ke5
45. Nd4 f5 46. Kd3 Be4+ 47. Ke3 Rf1 48. Rc5+ Kd6 49. Rb5 Re1+ 50. Kd2 Rf1
51. Ke2 f4 52. Kxf1 Bd3+ 53. Kf2 Bxb5 54. Nxb5+ Kc5 55. Nc3 Kc4 56. Ne4 b5
57. Nd6+ Kc5 58. Nxb5 Kxb5 59. Kf3 Kc5 60. Kxf4 1/2-1/2

[Event "GCT 2023 Saint Louis - Rapid"]
[Site "Saint Louis"]
[Date "14.11.2023"]
[Round "2R"]
[White "Vachier Lagrave, Maxime"]
[Black "Caruana, Fabiano"]
[Result "1/2-1/2"]
[WhiteElo "2734"]
[BlackElo "2795"]
[EventDate "2023.11.14"]

1. e4 e5 2. Nf3 Nc6 3. Bb5 a6 4. Ba4 Nf6 5. O-O Be7 6. Re1 b5 7. Bb3 d6 8.
c3 O-O 9. h3 Be6 10. d4 Bxb3 11. axb3 Re8 12. d5 Nb8 13. Nbd2 Qc8 14. Nf1
c6 15. dxc6 Qxc6 16. Ng3 h6 17. Nh4 Nbd7 18. Nhf5 Bf8 19. b4 Re6 20. Ne3
Nb6 21. Qf3 d5 22. exd5 Nbxd5 23. Nxd5 Nxd5 24. Ne4 Rae8 25. Rd1 Nf6 26.
Nxf6+ Rxf6 27. Qxc6 Rxc6 28. Rd7 f5 29. g3 Re7 30. Rd8 Kf7 31. Be3 Re8 32.
Rd7+ Re7 33. Rd5 Ree6 34. Bc5 Be7 35. Re1 Bf6 36. h4 Kg6 37. Kg2 h5 38. Kf3
Rc8 39. Red1 Rce8 40. Rd7 e4+ 41. Ke3 Be5 42. Bd4 Bxd4+ 43. R1xd4 Kf6 44.
R4d5 g5 45. hxg5+ Kxg5 46. Rf7 Re5 47. Rg7+ Kh6 48. Rdd7 R5e6 49. Rh7+ Kg6
50. Rhg7+ Kh6 51. Rh7+ Kg6 52. Rdg7+ Kf6 53. Ra7 Kg6 54. Rhg7+ Kh6 55. Rgd7
Kg6 56. Rd5 h4 57. gxh4 Rh8 58. Rd1 Rxh4 59. Ra1 f4+ 60. Kd4 Kf5 61. Rf7+
Kg4 62. Re1 Kf3 63. Re3+ Kxf2 64. Rxe4 Rxe4+ 65. Kxe4 f3+ 66. Kd3 Rg4 67.
b3 Kg2 68. Ke3 Rg8 69. c4 Re8+ 70. Kd2 f2 71. Rg7+ Kf1 72. c5 Re2+ 73. Kd1
Re6 74. Kd2 Re2+ 75. Kd1 Re3 76. c6 Rxb3 77. c7 Rc3 78. Kd2 Rc6 79. Rf7 Kg2
80. Rg7+ Kf1 81. Rf7 Rc4 82. Rg7 Rc6 83. Rf7 1/2-1/2

[Event "GCT 2023 Saint Louis - Rapid"]
[Site "Saint Louis"]
[Date "14.11.2023"]
[Round "3R"]
[White "Caruana, Fabiano"]
[Black "Nepomniachtchi, Ian"]
[Result "1/2-1/2"]
[WhiteElo "2795"]
[BlackElo "2771"]
[EventDate "2023.11.14"]

1. c4 Nf6 2. Nc3 e5 3. Nf3 Nc6 4. e4 Bb4 5. d3 d6 6. a3 Bc5 7. b4 Bb6 8.
Na4 Bg4 9. Be2 Bxf3 10. Bxf3 Bd4 11. Rb1 a6 12. Bd2 Qd7 13. Nc3 O-O 14. O-O
Ba7 15. Bg5 Qe6 16. Nd5 Ne8 17. Bg4 Qg6 18. Be7 Nd4 19. c5 c6 20. Ne3 Nf6
21. Bf5 Qg5 22. Bxf8 Rxf8 23. Nc4 g6 24. Bh3 dxc5 25. bxc5 Rb8 26. Nd6 Bxc5
27. Nxb7 Bxa3 28. Kh1 Nh5 29. g3 Qe7 30. Qa4 Kg7 31. Na5 Rb5 32. Nc4 Bc5
33. Qxa6 Nf6 34. Ne3 h5 35. Bg2 h4 36. Nd5 cxd5 37. Rxb5 Nxb5 38. Qxb5 Ng4
39. Qb2 Qf6 40. Kg1 hxg3 41. hxg3 Qg5 42. Bf3 Nxf2 43. Rxf2 Qxg3+ 44. Kf1
dxe4 45. Bxe4 Bd4 46. Qe2 Qxf2+ 47. Qxf2 Bxf2 48. Kxf2 f5 49. Bc6 Kf6 50.
Be8 g5 51. Kg3 Ke6 52. Bg6 e4 53. dxe4 fxe4 54. Bxe4 Ke5 55. Kg4 Kxe4 56.
Kxg5 1/2-1/2

[Event "GCT 2023 Saint Louis - Rapid"]
[Site "Saint Louis"]
[Date "14.11.2023"]
[Round "3R"]
[White "Firouzja, Alireza"]
[Black "Vachier Lagrave, Maxime"]
[Result "1/2-1/2"]
[WhiteElo "2777"]
[BlackElo "2734"]
[EventDate "2023.11.14"]

1. e4 c5 2. Nf3 d6 3. Bb5+ Bd7 4. Bxd7+ Qxd7 5. c4 Nf6 6. Nc3 Nc6 7. d4
cxd4 8. Nxd4 g6 9. f3 Bg7 10. Be3 O-O 11. O-O a6 12. Qd3 Rfc8 13. b3 b5 14.
cxb5 Ne5 15. Qd2 d5 16. Nc6 Nxc6 17. bxc6 Rxc6 18. e5 Ne8 19. f4 Nc7 20.
Rac1 Rd8 21. Ne2 Rxc1 22. Rxc1 Ne6 23. Qa5 d4 24. Rd1 Qc8 25. Bxd4 Nxd4 26.
Rxd4 Rxd4 27. Nxd4 Qc1+ 28. Kf2 Qxf4+ 29. Nf3 Bh6 30. Qd8+ Kg7 31. Qxe7
Qe3+ 32. Kg3 Qf4+ 33. Kf2 Qe3+ 34. Kg3 Qf4+ 35. Kf2 Qe3+ 1/2-1/2

[Event "GCT 2023 Saint Louis - Rapid"]
[Site "Saint Louis"]
[Date "14.11.2023"]
[Round "3R"]
[White "Giri, Anish"]
[Black "So, Wesley"]
[Result "1/2-1/2"]
[WhiteElo "2752"]
[BlackElo "2752"]
[EventDate "2023.11.14"]

1. d4 Nf6 2. c4 e6 3. Nf3 d5 4. Nc3 c5 5. cxd5 cxd4 6. Qxd4 exd5 7. e4 dxe4
8. Qxd8+ Kxd8 9. Ng5 Be6 10. Be2 Bb4 11. O-O Nc6 12. Ncxe4 Nxe4 13. Nxe4
Ke7 14. Be3 Rhd8 15. a3 Nd4 16. Ba6 bxa6 17. axb4 Bc4 18. Rfd1 Ne6 19. Rxd8
Rxd8 20. Bxa7 f5 21. Nc5 Rd2 22. b3 Bb5 23. Re1 Be2 24. h4 Rd1 25. Rxd1
Bxd1 26. Nxa6 Bxb3 27. Nc5 Nxc5 28. Bxc5+ Ke6 29. b5 h5 30. Kh2 Ba4 31. b6
Bc6 32. f3 g6 33. Kg3 Ke5 34. Bf2 f4+ 35. Kh2 Kd6 36. Bd4 Bb5 37. Be5+ Kc6
38. Bc7 Ba6 39. Kg1 Bb5 40. Kf2 Bc4 41. Ke1 Bb5 42. Kf2 Bc4 43. Bxf4 Kxb6
44. g4 hxg4 45. fxg4 Kc6 46. h5 gxh5 47. gxh5 Bd3 48. h6 Bc2 49. Be3 Bd3
50. Bf4 Bc2 51. Be3 Bd3 52. Bf4 1/2-1/2

[Event "GCT 2023 Saint Louis - Rapid"]
[Site "Saint Louis"]
[Date "14.11.2023"]
[Round "3R"]
[White "Sevian, Samuel"]
[Black "Robson, Ray"]
[Result "0-1"]
[WhiteElo "2696"]
[BlackElo "2696"]
[EventDate "2023.11.14"]

1. e4 e5 2. Nf3 Nc6 3. Bc4 Nf6 4. d3 Bc5 5. O-O d6 6. c3 a5 7. Re1 Ba7 8.
Bb3 h6 9. Bc2 O-O 10. h3 Re8 11. d4 Bd7 12. a4 exd4 13. cxd4 Nb4 14. Nc3
Nxc2 15. Qxc2 c6 16. Bd2 Be6 17. Rad1 Qd7 18. Ne2 Nxe4 19. Bxa5 Bxh3 20.
gxh3 Qxh3 21. Ng3 Nxg3 22. fxg3 Qxg3+ 23. Qg2 Qf4 24. Kh1 Qf5 25. Bc3 d5
26. Rg1 Qh5+ 27. Nh2 g5 28. Rd3 Re2 29. Rh3 Rxg2 30. Rxh5 Rxg1+ 31. Kxg1
Kg7 32. Ng4 f5 33. Ne5 c5 34. Kf1 cxd4 35. Bd2 Re8 36. Nd3 Kg6 37. Rh3 f4
38. Nb4 Re5 39. a5 Re7 40. Rb3 Rd7 41. Nd3 Kf5 42. Bb4 g4 43. Bf8 h5 44.
Rb5 f3 45. Bc5 Bxc5 46. Nxc5 Rc7 47. Kf2 h4 48. b4 h3 49. Kg3 Re7 50. Nb3
Re2 51. Rxd5+ Ke6 52. Rh5 Rg2+ 53. Kf4 Kd6 54. b5 d3 55. Rh6+ Kd5 56. Rh5+
Kc4 57. a6 bxa6 58. Na5+ Kc3 59. bxa6 f2 60. Rc5+ Kb4 61. Rc1 Rg1 62. Nc6+
Kb5 0-1

[Event "GCT 2023 Saint Louis - Rapid"]
[Site "Saint Louis"]
[Date "14.11.2023"]
[Round "3R"]
[White "Le,Quang Liem"]
[Black "Xiong, Jeffery"]
[Result "1-0"]
[WhiteElo "2731"]
[BlackElo "2681"]
[EventDate "2023.11.14"]

1. Nf3 Nf6 2. c4 c5 3. Nc3 d5 4. cxd5 Nxd5 5. e4 Nb4 6. Bc4 Nd3+ 7. Ke2
Nf4+ 8. Kf1 Ne6 9. h4 Nc6 10. d3 Ned4 11. Nb5 e6 12. Bf4 Nxb5 13. Bxb5 Bd7
14. Rc1 Rc8 15. Kg1 a6 16. Bxc6 Bxc6 17. Ne5 Bd6 18. Nxc6 Rxc6 19. e5 Be7
20. Rh3 Qd4 21. Qd2 f5 22. exf6 Bxf6 23. b3 O-O 24. h5 Qb2 25. Rc2 Qa1+ 26.
Rc1 Qb2 27. Rc2 Qa1+ 28. Qc1 Qxc1+ 29. Bxc1 Bd4 30. Kf1 h6 31. f3 Rf5 32.
g4 Rf8 33. f4 e5 34. f5 Re8 35. Kg2 b5 36. Kf3 c4 37. dxc4 e4+ 38. Ke2 bxc4
39. Be3 Be5 40. bxc4 Rd8 41. c5 Rd3 42. Rh1 Ra3 43. Rb1 Bc7 44. Rb4 Kf7 45.
Rxe4 Bb8 46. Rd2 Bg3 47. Rd7+ Kf8 48. Bd4 1-0

[Event "GCT 2023 Saint Louis - Rapid"]
[Site "Saint Louis"]
[Date "15.11.2023"]
[Round "4R"]
[White "Xiong, Jeffery"]
[Black "Vachier Lagrave, Maxime"]
[Result "1/2-1/2"]
[WhiteElo "2681"]
[BlackElo "2734"]
[EventDate "2023.11.14"]

1. d4 d5 2. c4 dxc4 3. Nf3 Nf6 4. e3 e6 5. Bxc4 a6 6. O-O c5 7. a4 Nc6 8.
Qe2 cxd4 9. Rd1 Be7 10. exd4 O-O 11. Nc3 Nb4 12. Bg5 h6 13. Bxf6 Bxf6 14.
Ne5 Qc7 15. Ng4 Be7 16. d5 exd5 17. Nxd5 Nxd5 18. Bxd5 Bxg4 19. Qxg4 Rad8
20. Qf3 b6 21. b3 a5 22. Rd3 Bc5 23. Rad1 Rd6 24. Qe2 Rf6 25. Rf3 Qe7 26.
Qxe7 Bxe7 27. Rxf6 Bxf6 28. Bc4 Rd8 29. Rxd8+ Bxd8 30. Bd5 Be7 31. Bc4 Bd8
32. Bd5 Be7 33. Bc4 Bd8 1/2-1/2

[Event "GCT 2023 Saint Louis - Rapid"]
[Site "Saint Louis"]
[Date "15.11.2023"]
[Round "4R"]
[White "Le, Quang Liem"]
[Black "Sevian, Samuel"]
[Result "1/2-1/2"]
[WhiteElo "2731"]
[BlackElo "2696"]
[EventDate "2023.11.14"]

1. d4 Nf6 2. c4 e6 3. Nf3 d5 4. Nc3 Bb4 5. Qa4+ Nc6 6. e3 O-O 7. Qc2 Re8 8.
Bd2 h6 9. a3 Bf8 10. Be2 e5 11. dxe5 Nxe5 12. cxd5 Nxd5 13. Nxe5 Rxe5 14.
e4 Nxc3 15. Bxc3 Rg5 16. Rd1 Qe8 17. O-O Bh3 18. Bf3 Qe6 19. Rfe1 Qg6 20.
g3 Bc5 21. Bd4 Bxd4 22. Rxd4 Qf6 23. Rd3 Re8 24. Bg2 Bxg2 25. Kxg2 Rb5 26.
b4 a5 27. Qxc7 axb4 28. a4 Qe5 29. Qxe5 Rbxe5 30. Rd4 b3 31. Rb4 Ra8 32.
Kf3 f5 33. Rxb3 Rxa4 34. Rxb7 Raxe4 35. Rxe4 Rxe4 36. Rb5 g6 37. h4 h5 38.
Rb7 Ra4 39. Rc7 Re4 40. Rb7 Ra4 41. Rc7 Re4 42. Rb7 1/2-1/2

[Event "GCT 2023 Saint Louis - Rapid"]
[Site "Saint Louis"]
[Date "15.11.2023"]
[Round "4R"]
[White "Nepomniachtchi, Ian"]
[Black "Firouzja, Alireza"]
[Result "1/2-1/2"]
[WhiteElo "2771"]
[BlackElo "2777"]
[EventDate "2023.11.14"]

1. e4 e5 2. Nf3 Nc6 3. d4 exd4 4. Nxd4 Nf6 5. Nxc6 bxc6 6. e5 Qe7 7. Qe2
Nd5 8. c4 Ba6 9. f4 g5 10. fxg5 Bg7 11. Nd2 Bxe5 12. Nf3 Bg7 13. Rb1 O-O
14. Qxe7 Nxe7 15. b3 Rae8 16. Kf2 f6 17. gxf6 Bxf6 18. Bb2 Ng6 19. Bd3 Ne5
20. Bxe5 Bxe5 21. Rhe1 Bd4+ 22. Kf1 Be3 23. Re2 d5 24. Ke1 c5 25. Kd1 d4
26. Kc2 Bb7 27. Nh4 Bc8 28. h3 Bf2 29. Rxe8 Rxe8 30. Nf3 Rf8 31. Be4 a5 32.
Kd3 Bg3 33. Rf1 Kg7 34. Nd2 Rxf1 35. Nxf1 Bd6 36. Nd2 h5 37. Nf3 Kf6 38. a4
Bg3 39. Ke2 h4 40. Kd3 Bd7 41. Ke2 Bc8 42. Kd3 Bd7 43. Ke2 Bc8 1/2-1/2

[Event "GCT 2023 Saint Louis - Rapid"]
[Site "Saint Louis"]
[Date "15.11.2023"]
[Round "4R"]
[White "So, Wesley"]
[Black "Caruana, Fabiano"]
[Result "1/2-1/2"]
[WhiteElo "2752"]
[BlackElo "2795"]
[EventDate "2023.11.14"]

1. e4 e5 2. Nf3 Nc6 3. Bb5 a6 4. Ba4 Nf6 5. O-O d6 6. Bxc6+ bxc6 7. d4 exd4
8. Nxd4 c5 9. Nc6 Qd7 10. Na5 Qa4 11. Nb3 Be6 12. Nc3 Qc6 13. Re1 Be7 14.
Bg5 h6 15. Bh4 O-O 16. Nd5 Bxd5 17. exd5 Qd7 18. c4 Rfe8 19. h3 Qa4 20.
Rxe7 Rxe7 21. Bxf6 gxf6 22. Qg4+ Kf8 23. Qf4 Rae8 24. Kh2 Re1 25. Qxh6+ Kg8
26. Rxe1 Rxe1 27. Qxf6 Qxc4 28. Qg5+ Kf8 29. Na5 Qd4 30. Nc6 Qxb2 31. f4
Qg7 32. Qh4 Re2 33. Qd8+ Re8 34. Qh4 f6 35. Qh5 Re3 36. g4 f5 37. Qxf5+ Kg8
38. Qb1 Qf7 39. f5 Qxd5 40. Qb8+ Kh7 41. Qxc7+ Kh6 42. g5+ Kxg5 43. Qg7+
Kxf5 44. Qg4+ Kf6 45. Qf4+ Kg6 46. Qxe3 Qxc6 47. Qe6+ Kg7 48. h4 Qa4 49.
Qe7+ Kg8 50. Qe6+ Kg7 51. Qe7+ Kg8 52. Qe6+ Kg7 1/2-1/2

[Event "GCT 2023 Saint Louis - Rapid"]
[Site "Saint Louis"]
[Date "15.11.2023"]
[Round "4R"]
[White "Robson, Ray"]
[Black "Giri, Anish"]
[Result "1/2-1/2"]
[WhiteElo "2696"]
[BlackElo "2752"]
[EventDate "2023.11.14"]

1. d4 d5 2. c4 c6 3. Nf3 Nf6 4. e3 Bf5 5. Nc3 e6 6. Nh4 Bg6 7. Be2 Nbd7 8.
g3 Bd6 9. O-O Qe7 10. b3 Ne4 11. Bb2 O-O 12. Kg2 a5 13. Bd3 f5 14. Nxg6
hxg6 15. f3 Nxc3 16. Bxc3 Nf6 17. Qe2 e5 18. dxe5 Bxe5 19. Bxe5 Qxe5 20.
cxd5 cxd5 21. Bb5 Rac8 22. Rac1 Rc3 23. Rxc3 Qxc3 24. Rd1 Rc8 25. Qd2 Qc5
26. Qxa5 g5 27. a4 Qxe3 28. Qd2 Qxb3 29. Rc1 Rxc1 30. Qxc1 Qa2+ 31. Kg1 g4
32. fxg4 fxg4 33. Qc8+ Kf7 34. Qxb7+ Kg6 35. Bd3+ Kh6 36. Qb4 Qa1+ 37. Kg2
Qa2+ 38. Kg1 Qa1+ 39. Kg2 Qa2+ 1/2-1/2

[Event "GCT 2023 Saint Louis - Rapid"]
[Site "Saint Louis"]
[Date "15.11.2023"]
[Round "5R"]
[White "Giri, Anish"]
[Black "Le, Quang Liem"]
[Result "1/2-1/2"]
[WhiteElo "2752"]
[BlackElo "2731"]
[EventDate "2023.11.14"]

1. e4 c5 2. Nf3 Nc6 3. Bb5 g6 4. Bxc6 dxc6 5. O-O Bg7 6. d3 e5 7. a3 Qe7 8.
b4 Nf6 9. bxc5 Qxc5 10. a4 Qe7 11. Nbd2 O-O 12. Nc4 Nh5 13. a5 Rd8 14. h3
Nf4 15. Rb1 Qc7 16. Be3 Be6 17. Nfd2 h6 18. Qf3 Nd5 19. exd5 cxd5 20. Nb6
Rab8 21. c4 d4 22. Nd5 Bxd5 23. cxd5 dxe3 24. fxe3 Qxa5 25. Qxf7+ Kh8 26.
Ne4 Qxd5 27. Qxg6 Qxd3 28. Kh2 Rf8 29. Rxf8+ Rxf8 30. Rxb7 Rg8 31. Rxa7
Qxe3 32. Rf7 Qd3 33. Rf3 Qb1 34. Rf7 Qc2 35. h4 Qb1 36. Rf3 Bf8 37. Rxf8
Rxf8 38. Qxh6+ Kg8 39. Qe6+ Kh8 40. Qxe5+ Kg8 41. Qd5+ Kh8 42. Qd4+ Kg8 43.
Nf6+ Kf7 44. Nd7 Re8 45. Ne5+ Rxe5 46. Qxe5 Kg8 47. h5 Kh7 48. Qf4 Qd3 49.
Qf3 Qd6+ 50. Kh3 Qe6+ 51. Kh4 Qe7+ 52. Kg4 Qg7+ 53. Kh3 Qd7+ 54. Kh2 Qd6+
55. Qg3 Qf6 56. Qg4 Qe5+ 57. Kh3 Qe3+ 58. Qf3 Qe6+ 59. Kg3 Qe5+ 60. Qf4 Qe6
61. Kh2 Qd5 62. Kg3 Qe6 63. Kf3 Qb3+ 64. Kg4 Qd1+ 65. Qf3 Qd4+ 66. Kg5 Qg7+
67. Kf5 Qf7+ 68. Kg4 Qg7+ 69. Kh4 Qe7+ 70. Kg3 Qe5+ 71. Qf4 Qd5 72. Qf6
Qd3+ 73. Kh2 Qe3 74. Qf5+ Kg7 75. Qg4+ Kh7 76. Qg6+ Kh8 77. Qg3 Qe6 78. Qc7
Qf5 79. Qc3+ Kh7 80. Qf3 Qe5+ 81. g3 Kh6 82. Kg2 Qxh5 83. Qxh5+ Kxh5 84.
g4+ Kxg4 1/2-1/2

[Event "GCT 2023 Saint Louis - Rapid"]
[Site "Saint Louis"]
[Date "15.11.2023"]
[Round "5R"]
[White "Caruana, Fabiano"]
[Black "Robson, Ray"]
[Result "1/2-1/2"]
[WhiteElo "2795"]
[BlackElo "2696"]
[EventDate "2023.11.14"]

1. c4 e5 2. Nc3 Nf6 3. Nf3 Nc6 4. e3 Bb4 5. Qc2 Bxc3 6. bxc3 O-O 7. e4 d6
8. g3 a6 9. a4 Rb8 10. Bg2 Be6 11. d3 b5 12. axb5 axb5 13. cxb5 Rxb5 14.
O-O Qd7 15. Bg5 Nh5 16. Qe2 Bg4 17. Rfb1 Rxb1+ 18. Rxb1 h6 19. Be3 Nf6 20.
Qf1 d5 21. h3 Be6 22. exd5 Nxd5 23. Bd2 Rd8 24. Rb5 Nde7 25. Ne1 Bd5 26.
Be3 Bxg2 27. Qxg2 f5 28. Kh2 Qe6 29. Rb7 Qc8 30. Rb5 Qe6 31. Qf3 Kh7 32.
Qe2 Rd5 33. Rb7 Rd7 34. Nf3 Qd5 35. d4 Nxd4 36. Ng5+ Kg6 37. Bxd4 hxg5 38.
Rb5 Qf7 39. Rxe5 Kh7 40. Qf3 Qg6 41. Bc5 g4 42. Qf4 Nd5 43. Qxf5 Qxf5 44.
Rxf5 gxh3 45. Bd4 c5 46. Be5 Kg6 47. Rf8 Re7 48. f4 Nf6 49. Bxf6 gxf6 50.
Rc8 Kf5 51. Kxh3 Rh7+ 52. Kg2 Rd7 53. Rxc5+ Kg4 54. Kf2 Rd3 55. f5 Rf3+ 56.
Ke2 Kxg3 57. c4 Kg4 58. Rc8 Rxf5 59. c5 Rd5 60. c6 Kf5 61. Ke3 Ke6 62. c7
Re5+ 63. Kf4 Kd7 64. Rf8 Kxc7 65. Rxf6 Ra5 66. Rf5 Rxf5+ 67. Kxf5 1/2-1/2